| 000 | 01132cam a2200289 4500 | ||
|---|---|---|---|
| 001 | WB4010-07 | ||
| 008 | 040311n2004 000 0 eng u | ||
| 035 | _a(Sirsi) u125398 | ||
| 245 | _aRetailers target new EU members for expansion | ||
| 260 | _c2004 | ||
| 490 |
_aPlaza _vMarch 2004, 11 (1) |
||
| 520 | _aResearch by Jones Lang Lasalle has revealed that a quarter of all cross-border moves by retailers in Europe are into countries that will join the EU this year. According to their research the Czech Republic, Hungary, Poland and Estonia have all seen a sharp rise in the number of foreign entrants into the retail sector, while Russia and Italy have entered the top five destinations for retailers for the first time. http://www.research.joneslanglasalle.com | ||
| 590 | _aWB | ||
| 590 | _aWB | ||
| 650 | _aEU | ||
| 650 | _aCZECH REPUBLIC | ||
| 650 | _aHUNGARY | ||
| 650 | _aPOLAND | ||
| 650 | _aESTONIA | ||
| 650 | _aITALY | ||
| 650 | _aRETAIL SECTOR | ||
| 650 | _aJONES LANG LASALLE | ||
| 650 | _aRUSSIA | ||
| 650 | _aRETAIL PROPERTY MARKET | ||
| 690 | _aCOMMERCIAL PROPERTY-RETAIL | ||
| 942 | _n0 | ||
| 999 |
_c117092 _d117092 |
||